[Event "SVK-ch U16/20 Girls"]
[Site "Liptovsky Mikulas"]
[Date "2017.04.25"]
[Round "6"]
[White "Dudaskova, Katarina"]
[Black "Majirska, Karin"]
[Result "0-1"]
[WhiteElo "1167"]
[BlackElo "1451"]
[PlyCount "68"]
[EventDate "2017.04.22"]
[EventType "swiss"]
[EventRounds "9"]
[EventCountry "SVK"]
[SourceTitle "CBM 178 Extra"]
[Source "ChessBase"]
[SourceDate "2017.06.22"]
[SourceVersion "1"]
[SourceVersionDate "2017.06.22"]
[SourceQuality "1"]

1. e4 d5 2. exd5 Qxd5 3. Nc3 Qd6 4. Nf3 Nf6 5. Be2 Bf5 6. d3 a6 7. Be3 Nc6 8. 0-0 0-0-0 9. Qd2 h6 10. Rfe1 g5 11. Bd1 e6 12. Ne2 Be7 13. Ned4 Ne5 14. Nxf5 Nxf3+ 15. Bxf3 exf5 16. Qc3 g4 17. Be2 f4 18. Bd2 Rdg8 19. g3 fxg3 20. fxg3 Nd5 21. Qc4 h5 22. Rf1 Qe6 23. Rf2 h4 24. Re1 hxg3 25. hxg3 Rh3 26. Rg2 Qb6+ 27. d4 Qd6 28. Qd3 Kb8 29. Qf5 Rxg3 30. Rxg3 Qxg3+ 31. Kf1 Nf6 32. Bf4 Qh3+ 33. Kf2 g3+ 34. Kg1 Qh2+ 0-1

[Event "SVK-ch U14 Girls"]
[Site "Liptovsky Mikulas"]
[Date "2016.04.19"]
[Round "5"]
[White "Dudaskova, Katarina"]
[Black "Miklasova, Emma"]
[Result "0-1"]
[WhiteElo "1262"]
[BlackElo "1605"]
[PlyCount "82"]
[EventDate "2016.04.16"]
[EventType "swiss"]
[EventRounds "9"]
[EventCountry "SVK"]
[SourceTitle "CBM 172 Extra"]
[Source "ChessBase"]
[SourceDate "2016.06.21"]
[SourceVersion "1"]
[SourceVersionDate "2016.06.21"]
[SourceQuality "1"]

1. e4 e5 2. Nf3 Nc6 3. Bc4 Bc5 4. Nc3 Nf6 5. d3 h6 6. 0-0 0-0 7. Qe2 d6 8. h3 Be6 9. Bb5 Nd4 10. Nxd4 Bxd4 11. Bd2 Nh7 12. Qf3 Qh4 13. Kh1 Nf6 14. Bc4 Bxc4 15. dxc4 Bxc3 16. Bxc3 Qxe4 17. Qxe4 Nxe4 18. Bb4 f5 19. Kg1 a5 20. Be1 b6 21. f3 Nc5 22. a3 f4 23. Rd1 Ne6 24. c3 a4 25. Bf2 Nc5 26. Bxc5 bxc5 27. Rfe1 Rfb8 28. Rb1 Rb3 29. Rec1 Rab8 30. Rc2 Rxa3 31. b4 cxb4 32. cxb4 Rb3 33. Rbc1 R8xb4 34. c5 d5 35. Rd2 d4 36. Re1 Re3 37. Ra1 a3 38. Rda2 Rbb3 39. Kh2 Rec3 40. Kh1 d3 41. Rd2 Rxc5 0-1

[Event "SVK-ch U14 Girls"]
[Site "Tatralandia"]
[Date "2015.04.20"]
[Round "3"]
[White "Miklasova, Emma"]
[Black "Dudaskova, Katarina"]
[Result "1-0"]
[WhiteElo "1614"]
[BlackElo "1164"]
[PlyCount "47"]
[EventDate "2015.04.18"]
[EventType "swiss"]
[EventRounds "9"]
[EventCountry "SVK"]
[SourceTitle "CBM 166 Extra"]
[Source "ChessBase"]
[SourceDate "2015.06.18"]
[SourceVersion "1"]
[SourceVersionDate "2015.06.18"]
[SourceQuality "1"]

1. e4 e5 2. Nf3 Nc6 3. d4 exd4 4. Nxd4 Bc5 5. Be3 Bb6 6. Bc4 Nf6 7. Nxc6 dxc6 8. Qxd8+ Kxd8 9. Bg5 Bd4 10. c3 h6 11. Bxf6+ Bxf6 12. Bxf7 Rf8 13. Bh5 b5 14. a3 c5 15. Bf3 Rb8 16. 0-0 b4 17. axb4 cxb4 18. Rxa7 bxc3 19. bxc3 Be6 20. Re1 Rb2 21. Rd1+ Bd7 22. Bg4 Rf7 23. Ra8+ Ke7 24. Rxd7# 1-0

[Event "SVK-ch U14 Girls"]
[Site "Tatralandia"]
[Date "2015.04.18"]
[Round "1"]
[White "Dudaskova, Katarina"]
[Black "Cibikova, Sofia Anna"]
[Result "0-1"]
[WhiteElo "1164"]
[BlackElo "1660"]
[PlyCount "96"]
[EventDate "2015.04.18"]
[EventType "swiss"]
[EventRounds "9"]
[EventCountry "SVK"]
[SourceTitle "CBM 166 Extra"]
[Source "ChessBase"]
[SourceDate "2015.06.18"]
[SourceVersion "1"]
[SourceVersionDate "2015.06.18"]
[SourceQuality "1"]

1. e4 Nf6 2. Nc3 d5 3. exd5 Nxd5 4. Bc4 Be6 5. d3 g6 6. Bg5 Bg7 7. Qd2 Qd6 8. h3 Nxc3 9. bxc3 Bxc4 10. dxc4 Qxd2+ 11. Bxd2 Nc6 12. Nf3 Ne5 13. Nd4 Nxc4 14. Bf4 e5 15. Nb5 exf4 16. Nxc7+ Kd7 17. Nxa8 Bxc3+ 18. Ke2 Bxa1 19. Rxa1 Rxa8 20. Rd1+ Kc6 21. Rd4 Re8+ 22. Kf3 Kc5 23. Rxf4 f5 24. Rh4 Nd2+ 25. Kg3 Ne4+ 26. Kf3 h5 27. g4 Nd2+ 28. Kg3 Re4 29. gxh5 Nf1+ 30. Kg2 Rxh4 31. hxg6 Rh6 32. g7 Rg6+ 33. Kxf1 Rxg7 34. f4 Kd4 35. Kf2 Ke4 36. h4 Kxf4 37. h5 Kg5 38. h6 Kxh6 39. c4 Re7 40. c5 Re4 41. a4 Kg5 42. c6 bxc6 43. Kg2 Rf4 44. Kh1 Rf2 45. a5 Kg4 46. a6 Kf3 47. Kg1 Kg3 48. Kh1 Rf1# 0-1

[Event "SVK-ch U12 Girls"]
[Site "Lubovna"]
[Date "2013.04.12"]
[Round "8"]
[White "Dudaskova, Katarina"]
[Black "Cibikova, Sofia Anna"]
[Result "1-0"]
[WhiteElo "1000"]
[BlackElo "1000"]
[PlyCount "79"]
[EventDate "2013.04.06"]
[EventType "swiss"]
[EventRounds "9"]
[EventCountry "SVK"]
[SourceTitle "CBM 153 Extra"]
[Source "ChessBase"]
[SourceDate "2013.04.22"]
[SourceVersion "1"]
[SourceVersionDate "2013.04.22"]
[SourceQuality "1"]

1. e4 c5 2. Nf3 Nc6 3. Bc4 Nf6 4. Nc3 e6 5. d3 g6 6. Bg5 Be7 7. 0-0 0-0 8. h3 d6 9. d4 cxd4 10. Nxd4 e5 11. Bxf6 Nxd4 12. Bxe7 Qxe7 13. Nd5 Qd7 14. Nf6+ Kh8 15. Nxd7 Bxd7 16. f4 Rac8 17. b3 Bb5 18. Bxb5 Nxb5 19. c4 Nd4 20. fxe5 dxe5 21. Qg4 f5 22. exf5 gxf5 23. Qd1 Rcd8 24. g4 f4 25. Re1 Rde8 26. Rxe5 Rxe5 27. Qxd4 Rfe8 28. Re1 R8e6 29. Rxe5 Rxe5 30. Qxe5+ Kg8 31. Qxf4 Kg7 32. h4 h6 33. g5 hxg5 34. hxg5 Kg6 35. Qf6+ Kh7 36. g6+ Kh6 37. g7+ Kh7 38. Qf7 Kh6 39. g8R b5 40. Qg6# 1-0

[Event "SVK-ch U12 Girls"]
[Site "Lubovna"]
[Date "2013.04.11"]
[Round "7"]
[White "Tejova, Alexandra"]
[Black "Dudaskova, Katarina"]
[Result "1-0"]
[WhiteElo "1565"]
[BlackElo "1000"]
[PlyCount "67"]
[EventDate "2013.04.06"]
[EventType "swiss"]
[EventRounds "9"]
[EventCountry "SVK"]
[SourceTitle "CBM 153 Extra"]
[Source "ChessBase"]
[SourceDate "2013.04.22"]
[SourceVersion "1"]
[SourceVersionDate "2013.04.22"]
[SourceQuality "1"]

1. e4 e5 2. Nf3 Nc6 3. d4 d6 4. dxe5 dxe5 5. Qxd8+ Nxd8 6. Nxe5 Nf6 7. Bd3 Bb4+ 8. c3 Ba5 9. Nc4 0-0 10. Nxa5 b6 11. Nb3 Re8 12. f3 h6 13. Na3 Ne6 14. Nc2 Nf4 15. Bxf4 Nd5 16. Bd2 g5 17. c4 Ne7 18. 0-0 Rd8 19. Be2 a5 20. a4 c6 21. Be3 Ba6 22. Rfd1 Rxd1+ 23. Rxd1 b5 24. cxb5 cxb5 25. Bxb5 Bxb5 26. axb5 Rb8 27. b6 Nc8 28. Rd8+ Kg7 29. Nxa5 Ra8 30. b7 Rxa5 31. bxc8Q Re5 32. Bd4 Kf6 33. Bxe5+ Kxe5 34. Qf5# 1-0

[Event "SVK-ch U12 Girls"]
[Site "Lubovna"]
[Date "2013.04.08"]
[Round "3"]
[White "Dudaskova, Katarina"]
[Black "Nadzamova, Sofia"]
[Result "0-1"]
[WhiteElo "1000"]
[BlackElo "1302"]
[PlyCount "84"]
[EventDate "2013.04.06"]
[EventType "swiss"]
[EventRounds "9"]
[EventCountry "SVK"]
[SourceTitle "CBM 153 Extra"]
[Source "ChessBase"]
[SourceDate "2013.04.22"]
[SourceVersion "1"]
[SourceVersionDate "2013.04.22"]
[SourceQuality "1"]

1. e4 e6 2. Nf3 d5 3. d3 dxe4 4. dxe4 Qxd1+ 5. Kxd1 Bc5 6. Bc4 Bxf2 7. Nc3 a6 8. e5 b5 9. Rf1 Bb6 10. Bd3 h6 11. Be4 Ra7 12. Bf4 Ne7 13. Ne2 Bb7 14. Bxb7 Rxb7 15. Nc3 Nbc6 16. Ke1 Ba5 17. Bd2 Ng6 18. b3 Ngxe5 19. a4 Nxf3+ 20. Rxf3 Nd4 21. Kf2 Nxf3 22. Kxf3 Bxc3 23. Bxc3 0-0 24. Rd1 Rbb8 25. Rd4 Rfd8 26. Rg4 g6 27. Bf6 h5 28. Rb4 Rd5 29. Ke4 c5 30. c4 Rd1 31. cxb5 cxb4 32. bxa6 Ra8 33. Be7 Rxa6 34. Bxb4 Rb6 35. Bc5 Rxb3 36. Be3 Re1 37. a5 Rbxe3+ 38. Kf4 Kg7 39. a6 e5+ 40. Kg5 f6+ 41. Kh4 Kh6 42. a7 g5# 0-1